Personnages de Naruto - Statistiques

Statistiques générales
  • Ce quiz a été pris 8 fois
  • Le résultat moyen est 59 sur 262
Statistiques - réponses
Indice Réponse % Correct
1 Naruto Uzumaki
100%
3 Sasuke Uchiha
80%
10 Akamaru
60%
15 Asuma Sarutobi
60%
201 Blue B
60%
14 Choji Akimichi
60%
34 Choza Akimichi
60%
6 Kakashi Hatake
60%
7 Hinata Hyuga
60%
9 Kiba Inuzuka
60%
4 Sai
60%
2 Sakura Haruno
60%
8 Shino Aburame
60%
5 Yamato
60%
172 Fu
60%
47 Fugaku Uchiha
60%
19 Gai Maito
60%
185 Hagoromo Otsutsuki
60%
171 Han
60%
43 Hanabi Hyuga
60%
63 Hashirama Senju
60%
41 Hiashi Hyuga
60%
58 Hiruzen Sarutobi
60%
42 Hizashi Hyuga
60%
13 Ino Yamanaka
60%
134 Itachi Uchiha
60%
71 Jiraya
60%
190 Karin Uzumaki
60%
140 Konan
60%
60 Kushina Uzumaki
60%
78 Madara Uchiha
60%
59 Minato Namikaze
60%
142 Nagato
60%
18 Neji Hyuga
60%
74 Obito Uchiha
60%
72 Orochimaru
60%
16 Rock Lee
60%
12 Shikamaru Nara
60%
236 Shin
60%
76 Shizune
60%
17 Tenten
60%
64 Tobirama Senju
60%
70 Tsunade Senju
60%
141 Yahiko
60%
165 Ao
40%
214 Baki
40%
20 Dai Maito
40%
55 Danzo Shimura
40%
137 Deidara
40%
89 Ebisu
40%
211 Gaara
40%
117 Gama
40%
111 Gamabunta
40%
112 Gamakichi
40%
113 Gamatatsu
40%
186 Hamura Otsutsuki
40%
40 Hana Inuzuka
40%
138 Hidan
40%
35 Inoichi Yamanaka
40%
88 Iruka umino
40%
79 Izuna Uchiha
40%
94 Jirobo
40%
54 Kagami Uchiha
40%
184 Kaguya Otsutsuki
40%
139 Kakuzu
40%
213 Kankuro
40%
98 Kidomaru
40%
169 Killer Bee
40%
99 Kimimaro Kaguya
40%
21 Konohamaru Sarutobi
40%
182 Kurama
40%
11 Kurenai Yuhi
40%
175 Matatabi
40%
48 Mikoto Uchiha
40%
68 Nawaki
40%
229 Onoki
40%
124 Pakkun
40%
216 Rasa
40%
97 Sakon
40%
136 Sasori
40%
33 Shikaku Nara
40%
75 Shisui Uchiha
40%
174 Shukaku
40%
177 Son Goku
40%
80 Tajima Uchiha
40%
95 Tayuya
40%
212 Temari
40%
96 Ukon
40%
168 Utakata
40%
170 Yugito Nii
40%
157 Zabuza
40%
193 A deuxieme raikage
20%
109 Aoda
20%
192 A premier raikage
20%
195 A quatrieme raikage
20%
61 Ashina Uzumaki
20%
187 Ashura Otsutsuki
20%
194 A troisieme raikage
20%
39 Biwako Sarutobi
20%
67 Butsuma Senju
20%
222 Chiyo
20%
164 Chojuro
20%
180 Chomei
20%
69 Dan Kato
20%
196 Darui
20%
106 Enma
20%
118 Fukasaku
20%
57 Fu yamanaka
20%
116 Gamaken
20%
209 Gari
20%
226 Gengetsu Hozuki
20%
181 Gyuki
20%
156 Haku
20%
148 Hanzo
20%
25 Ibiki Morino
20%
83 Inabi Uchiha
20%
188 Indra Otsutsuki
20%
176 Isobu
20%
66 Itama Senju
20%
85 Izumi uchiha
20%
183 Jubi
20%
191 Jugo
20%
107 Katsuyu
20%
65 Kawarama Senju
20%
145 Kie
20%
102 Kin Tsuchi
20%
135 Kisame Hoshigaki
20%
45 Kizashi Haruno
20%
230 Kurotsuchi
20%
210 Maki
20%
108 Manda
20%
161 Mangetsu Hozuki
20%
46 Mebuki Haruno
20%
240 Mirai Sarutobi
20%
62 Mito Uzumaki
20%
90 Mizuki
20%
84 Naori Uchiha
20%
73 Rin Nohara
20%
128 Shiba
20%
31 Shibi Aburame
20%
200 Shii
20%
119 Shima
20%
239 Shinku Yûhi
20%
189 Suigetsu Hozuki
20%
153 Tazuna
20%
81 Tekka Uchiha
20%
86 Teyaki Uchiha
20%
77 Tonton
20%
53 Torifu Akimichi
20%
56 Torune Aburame
20%
32 Tsume Inuzuka
20%
87 Uruchi Uchiha
20%
167 Yagura Karatachi
20%
82 Yashiro Uchiha
20%
36 Yoshino Nara
20%
146 Zetsu blanc
20%
147 Zetsu noire
20%
231 Akatsuchi
0%
126 Akino
0%
159 Ameyuri Ringo
0%
24 Anko Mitarashi
0%
27 Aoba Yamashiro
0%
206 Atsui
0%
92 Ayame
0%
122 Baku
0%
129 Bisuke
0%
125 Bull
0%
256 Bunpuku
0%
225 Byakuren
0%
262 Chiriku
0%
224 Chukichi
0%
143 Daibutsu
0%
207 Dodai
0%
100 Dosu Kinuta
0%
223 Ebizo
0%
163 Fuguki Suikazan
0%
246 Fuso
0%
115 Gamahiro
0%
114 Gamamaru
0%
110 Garuda
0%
151 Gato
0%
26 Genma Shiranui
0%
258 Genyumaru
0%
121 Gerotora
0%
203 Ginkaku
0%
255 Gozu
0%
127 Guruko
0%
49 Hayate Gekko
0%
51 Homura Mitokado
0%
132 Ibuse
0%
237 Ikkaku Umino
0%
152 Inari
0%
247 Ise
0%
227 Ishikawa
0%
30 Izumo Kamizuki
0%
160 Jinpachi Munashi
0%
158 Juzo Biwa
0%
93 Kabuto Yakushi
0%
105 | 248 Kagari
0%
155 Kaiza
0%
234 Kakko
0%
120 Kamatari
0%
199 Karui
0%
221 Karura
0%
202 Kinkaku
0%
232 Kitsuchi
0%
238 Kohari Umino
0%
52 Koharu Utatane
0%
178 Kokuo
0%
29 Kotetsu Hagane
0%
123 Kuromaru
0%
162 Kushimaru Kuriarare
0%
133 Kyodaigumo
0%
144 Kyusuke
0%
243 Mabui
0%
233 Mahiru
0%
219 Matsuri
0%
166 Mei Terumi
0%
254 Meizu
0%
149 Mifune
0%
38 Misumi Tsurugi
0%
22 Moegi Kazamatsuri
0%
205 Motoi
0%
228 Mu
0%
104 | 249 Mubi
0%
259 Nekobaa
0%
241 Nonô Yakushi
0%
103 | 250 Oboro
0%
150 Okisuke
0%
198 Omoi
0%
208 Pakura
0%
245 Ponta
0%
28 Raido Namiashi
0%
217 Reto
0%
173 Roshi
0%
244 Sabu
0%
179 Saiken
0%
197 Samui
0%
257 Sari
0%
218 Shamon
0%
261 Shiho
0%
251 Shiore
0%
131 Shiro
0%
235 Taiseki
0%
260 Tamaki
0%
91 Teuchi
0%
44 Tonbo Tobitake
0%
204 Toroi
0%
154 Tsunami
0%
23 Udon Ise
0%
130 | 242 Urushi
0%
253 Waraji
0%
220 Yashamaru
0%
37 Yoroi Akado
0%
50 Yugao Uzuki
0%
215 Yura
0%
101 Zaku Abumi
0%
252 Zori
0%
Aucun quiz correspondant
Distribution des résultats
% des personnes avec chaque résultat
Percentile par nombre de réponses
Votre historique - résultats
Vous n’avez pas pris ce quiz